Sports Quiz

Random Sports or Play Quiz

Most Games After 40 (MLB) Quiz Stats

 Plays Quiz not verified by Sporcle

Support Sporcle.
Go Orange.
Score 0/25 Timer 10:00
0 Plays Today
Role Player % Correct
PitcherJamie Moyer
77%
BatterJulio Franco
74.9%
BatterPete Rose
66.3%
PitcherPhil Niekro
55.6%
BatterOmar Vizquel
49.2%
BatterRickey Henderson
46.5%
BatterCarl Yastrzemski
42.2%
BatterStan Musial
41.7%
PitcherJesse Orosco
41.7%
BatterCarlton Fisk
40.1%
BatterDave Winfield
38%
PitcherHoyt Wilhelm
36.9%
PitcherDoug Jones
35.8%
Role Player % Correct
BatterHonus Wagner
29.9%
BatterCap Anson
26.7%
PitcherDennis Eckersley
26.7%
BatterDarrell Evans
24.1%
PitcherCharlie Hough
23.5%
BatterSam Rice
21.4%
PitcherJim Kaat
13.9%
BatterLuke Appling
10.7%
PitcherJack Quinn
10.2%
BatterGraig Nettles
7.5%
BatterJim O'Rourke
3.2%
PitcherDutch Leonard
1.6%

You're not logged in!

Compare scores with friends on all Sporcle quizzes.
OR
Log In

From the Vault

Seemingly Unrelated Trivia VII

by sproutcm

It's sort of like those Magic Eye posters. You've got to get just the right angle.
Remove Ads.
Support Sporcle.
Get the best of Sporcle when you Go Orange. This ad-free experience offers more features, more stats, and more fun while also helping to support Sporcle. Thank you for becoming a member.

Show Comments

Extras

Top Quizzes Today


Score Distribution

Your Account Isn't Verified!

In order to create a playlist on Sporcle, you need to verify the email address you used during registration. Go to your Sporcle Settings to finish the process.

Report this User

Report this user for behavior that violates our Community Guidelines.

Details: